000
00208nam a22000857a 4500
999
_c
11562
_d
11562
008
190618b ||||| |||| 00| 0 eng d
100
_a
Rawat R .B
_9
7269
245
_a
The Brave
260
_a
U S A
_b
Penguin
_c
2014